All Countries The Nile Flows through - Statistics

General Stats
  • This quiz has been taken 25 times
  • The average score is 8 of 11
Answers on the Grid
Answers color-coded by a green-red scale on the quiz's grid according to % correct below.
Algeria
Angola
Argentina
Australia
Brazil
Burundi
Canada
China
DR Congo
Egypt
Eritrea
Ethiopia
France
Germany
India
Italy
Japan
Jordan
Kenya
Libya
Malawi
Mexico
Morocco
Namibia
Norway
Rwanda
Saudi Arabia
South Africa
South Sudan
Spain
Sudan
Tanzania
Tunisia
Turkey
Uganda
United States
 
Answer Stats
Answer % Correct
Egypt
89%
South Sudan
89%
Sudan
89%
Ethiopia
79%
Uganda
79%
Rwanda
74%
Tanzania
68%
DR Congo
58%
Kenya
53%
Burundi
42%
Eritrea
42%
No matching quizzes found
Score Distribution
Percent of People with Each Score
Percentile by Number Answered
Your Score History
You have not taken this quiz